000 02089nam a2200385 i 4500
001 991061739560706706
003 ES-BaIT
005 20260423123441.0
008 260407e202601 spc 000 d cat|c
017 _aDL B 22916-2025
_bBiblioteca de Catalunya
020 _a9788412802078
040 _aES-BaIT
_bcat
_erda
_cES-BaIT
041 1 _acat
_heng
080 _a821.111-2
_x"20"
_22004
080 _a820(73)"20"
100 1 _aVoguel, Paula
_eautor
_9169288
240 1 _aHow I learned to drive.
_lCatalà
_9169289
245 1 0 _aCom vaig aprendre a conduir /
_cPaula Voguel ; traducció d'Helena Tornero Brugués ; pròleg de Martí Romaní i Picas
250 _aPrimera edició
264 1 _aBarcelona :
_bEditorial Prole :
_bSala Beckett,
_cgener del 2026
300 _a109 pàgines ;
_c21 cm
336 _atext
_btxt
_2rdacontent
337 _asense mediació
_bn
_2rdamedia
338 _avolum
_bnc
_2rdacarrier
490 1 _aBiblioteca Sala Beckett
500 _aP2: D1, H1 i altres
520 _a"La Coseta —malnom que es va guanyar en néixer— guarda un secret que, després d’anys de silenci, està a punt de revelar. Al llarg de l’obra, ens guiarà en un viatge emocional a través de les corbes de la memòria: al seient d’un cotxe, al menjador de casa o als passadissos de l’institut, per tot arreu on la seva educació afectiva i sexual es va anar construint, deformada per la visió misògina i sexualitzada del seu entorn.Amb una estructura fragmentada i esquitxada d’humor i cançons, Com vaig aprendre a conduir de Paula Vogel reconstrueix els moments clau de la complexa relació de la protagonista amb el seu oncle Peck, en la qual es va teixint la teranyina subtil i perversa de l’abús disfressat d’afecte." -- Contracoberta
650 0 _aAbús sexual envers els infants
_vTextos dramàtics
_9165586
700 1 _aTornero, Helena,
_d1973-
_etraductor
_949331
700 1 _aRomaní i Picas, Martí
_eescriptor d'un pròleg
_9169290
830 0 _aBiblioteca Sala Beckett
_9145892
908 _aCDMAE
940 _aCVA7
942 _2udc
_c1
999 _c137394
_d137394